|
|
|
|
| LEADER |
01193nam a22003134a 4500 |
| 001 |
36050 |
| 003 |
BD-DhAAL |
| 005 |
20211206125515.0 |
| 008 |
200305t2004 enk b 001 0 eng d |
| 999 |
|
|
|c 42295
|d 42295
|
| 010 |
|
|
|a 2004100218
|
| 020 |
|
|
|a 1412901278
|
| 020 |
|
|
|a 1412901286 (pbk.)
|
| 040 |
|
|
|a DLC
|c DLC
|d DLC
|d BD-DhAAL
|
| 042 |
|
|
|a pcc
|
| 050 |
0 |
0 |
|a RJ506.A9
|b W355 2004
|
| 082 |
0 |
0 |
|a 649.154
|2 22
|
| 100 |
1 |
|
|a Wall, Kate.
|9 39786
|
| 245 |
1 |
0 |
|a Autism and early years practice :
|b a guide for early years professionals, teachers and parents /
|c Kate Wall.
|
| 260 |
|
|
|a London :
|b Paul Chapman,
|c c2004.
|
| 300 |
|
|
|a xiii, 168 pages ;
|c 24 cm.
|
| 504 |
|
|
|a Includes bibliographical references and index.
|
| 526 |
|
|
|a BIED
|
| 541 |
|
|
|a Complimentary copy from BIED
|e 36050
|
| 650 |
|
0 |
|a Autism in children.
|9 39787
|
| 650 |
|
0 |
|a Autistic children
|x Education (Early childhood)
|9 39788
|
| 852 |
|
|
|a Ayesha Abed Library
|c BIED Collection
|
| 942 |
|
|
|2 ddc
|c BK
|
| 952 |
|
|
|0 0
|1 0
|2 ddc
|4 0
|6 649_154000000000000_WAL
|7 0
|9 68098
|a BRACUL
|b BRACUL
|c GEN
|d 2020-03-05
|e Complimentary copy from BIED
|l 0
|o 649.154 WAL
|p 3010036050
|r 2020-03-05
|t 1
|w 2020-03-05
|y BK
|x Transferred from BIED to General Stacks
|